| 000 | 01020cam a2200349 a 4500 | ||
|---|---|---|---|
| 001 | 94570 | ||
| 005 | 20230410123613.0 | ||
| 008 | 000505s1988 fr b 001 0 fre | ||
| 010 | _a 00691710 | ||
| 035 | _a(OCoLC)ocm45247508 | ||
| 040 |
_aDLC _cDLC _dDEBBG |
||
| 020 | _a2866017110 | ||
| 020 | _a9782866017118 | ||
| 029 | 1 |
_aAU@ _b000021932329 |
|
| 029 | 1 |
_aDEBBG _bBV012394249 |
|
| 035 | _a(OCoLC)45247508 | ||
| 043 | _ae-fr--- | ||
| 050 | 1 | 4 |
_aKJV333.C65 _bB474i 1998 |
| 082 | 0 | 0 |
_a343.4409/944 _221 |
| 245 | 0 | 0 |
_aInternet : _baspects juridiques / _csous la direction de Alain Bensoussan. |
| 246 | 1 | 8 | _aInternet, aspects juridiques |
| 250 | _a2e ed. rev. et augm. | ||
| 260 |
_aParis : _bHermáes, _cc1998. |
||
| 300 |
_a247 p. ; _c24 cm. |
||
| 504 | _aIncludes bibliographical references (p. [241]-242) and index. | ||
| 650 | 0 |
_aInternet _xLaw and legislation _zFrance. |
|
| 650 | 0 | 7 |
_aInternet. _2swd |
| 700 | 1 | _aBensoussan, Alain. | |
| 942 |
_2lcc _cbk |
||
| 994 |
_aC0 _bDRFGD |
||
| 946 | _anc | ||
| 999 |
_c64747 _d64747 |
||